CCCB 2002 / Centre de Cultura Contemporània de Barcelona
Descripción Física:
1 videocasset (VHS)
MARC
| LEADER | 00000nam a2200000Ia 4500 | ||
|---|---|---|---|
| 001 | 19693 | ||
| 008 | 160829s2002 xx 000 0 cat d | ||
| 080 | |a VID-10 | ||
| 110 | 2 | |a Centre de Cultura Contemporània de Barcelona |9 52510 | |
| 245 | |a CCCB 2002 / Centre de Cultura Contemporània de Barcelona | ||
| 260 | |a Barcelona : |b CCCB, |c 2002 | ||
| 300 | |a 1 videocasset (VHS) | ||
| 610 | 2 | 0 | |a Centre de Cultura Contemporània de Barcelona |9 52510 |
| 901 | |a Arxiu | ||
| 942 | |n 1 | ||
| 952 | |0 0 |1 0 |4 0 |6 VID10 |7 1 |9 51139 |a Arxiu |b Arxiu |d 2016-12-01 |l 0 |o VID-10 |p 19693 |r 2016-12-01 00:00:00 |w 2016-12-01 |y ARXIU | ||
| 999 | |c 54982 |d 54982 | ||